| 000 | 01508nam a2200253Ia 4500 | ||
|---|---|---|---|
| 999 |
_c37884 _d37884 |
||
| 001 | 3862 | ||
| 003 | GE_BSU | ||
| 005 | 20221006145706.0 | ||
| 008 | 181216s1981||||ge |||||||||||||| ||geo|| | ||
| 040 | _cGE_BSU | ||
| 041 | _ageo | ||
| 080 | _a1,,653''(091) შ–93 | ||
| 245 |
_aშუა საუკუნეების ფილოსოფიის ისტორიის პრობლემები : _bნაწ. 1 / _cრ. გორდეზიანი , გ. თევზაძე, მ. მაჭავარიანი და სხვ. ; თსუ, ფილოსოფიის ისტორიის კათედრა. |
||
| 264 |
_aთბილისი : _bთსუ, _c1981. |
||
| 300 |
_a253 გვ.; _b22 სმ. |
||
| 504 | _aლიტ. სია: გვ. 242-246 (161 სხწ.). პირთა საძიებელი: გვ. 247-252. | ||
| 653 | _aშუა საუკუნეების ფილოსოფიის ისტორია | ||
| 653 | _aარაბული ფილოსოფია | ||
| 700 |
_aგორდეზიანი, რ. _eავტორი _915109 |
||
| 700 |
_aთევზაძე, გ. _eავტორი _915110 |
||
| 700 |
_aმაჭავარიანი, მ. _eავტორი _97310 |
||
| 710 |
_aთბილისის სახელმწიფო უნივერსიტეტი _bფილოსოფიის ისტორიის კათედრა. _915111 |
||
| 942 |
_cBK _2udc |
||